| 000 | 00382nam a2200145Ia 4500 | ||
|---|---|---|---|
| 008 | 240624s9999 xx 000 0 und d | ||
| 041 | _aeng | ||
| 082 | _a005.54 ETH | ||
| 100 | _aETHERIDGE DENISE | ||
| 245 | _aMICROSOFT EXCEL DATA ANALYSIS YOUR VISUA | ||
| 250 | _a(3rd ed.) | ||
| 260 |
_c2013 _aNew Delhi _bWiley India |
||
| 300 | _axii, : 352 : p. : cm. ; 23 | ||
| 365 |
_cRS _b31 |
||
| 999 |
_c21642 _d21642 |
||